000 00297nam a2200109Ia 4500
008 220204s9999 xx 000 0 und d
082 _a681.31
_bSLA
245 0 _aMinicomputers: Uses and methods of evaluation
260 _aNew York
_bAlexander Hamilton
_c1980
700 _aSlay, Joseph
942 _cBK
999 _c36923
_d36923